000 00538nam a2200217Ia 4500
003 OSt
005 20230509141151.0
008 210423s2013 xx 000 0 und d
020 _a978-0-521-70241-6
040 _cAL
041 _aeng
082 _a401.43 CLAR
100 _aCLARK (Billy)
_9100991
245 _aRelevance theory
260 _aNew Delhi
_bCambridge University Press
_c2013
300 _axiii,398p
_bPB
365 _b2562.13
_cINR
650 _aLanguage
_9100992
906 _aRelevance ; theory
942 _2ddc
_cBK
999 _c165667
_d165667